000 nam a22 7a 4500
999 _c55489
_d55489
003 OSt
005 20220813114237.0
008 220813b xxu||||| |||| 00| 0 eng d
040 _cIIMT UNIVERSITY MEEERUT
100 _aCRAIG ZACKER
245 _aTHE COM. REF P C HARDWARE
260 _bMc GRAW HILL
300 _a697
942 _2ddc
_c09